书目信息 |
| 题名: |
大学作文
|
|
| 作者: | 许应涛 主编 | |
| 分册: | ||
| 出版信息: | 延吉 延边大学出版社 2004 |
|
| 页数: | 297页 | |
| 开本: | 21cm | |
| 丛书名: | ||
| 单 册: | ||
| 中图分类: | H194.3 | |
| 科图分类: | ||
| 主题词: | 作文--高等学校--选集 , 作文 | |
| 电子资源: | ||
| ISBN: | 7-5634-1932-2 | |
| 000 | 01050nam0 2200253 450 | |
| 001 | 002694877 | |
| 005 | 20061219105203.71 | |
| 010 | @a7-5634-1932-2@dCNY18.00 | |
| 100 | @a20040802d2004 em y0chiy0110 ea | |
| 101 | 0 | @achi |
| 102 | @aCN@b220000 | |
| 105 | @aa z 000yy | |
| 200 | 1 | @a大学作文@ADa Xue Zuo Wen@e17位全国著名高校学子的心灵感悟@E17 Wei Quan Guo Zhu Ming Gao Xiao Xue Zi De Xin Ling Gan Wu@f许应涛主编@FXu Ying Tao Zhu Bian |
| 210 | @a延吉@c延边大学出版社@d2004 | |
| 215 | @a297页@c图@d21cm | |
| 330 | @a该书精选了全国著名高校一些在校大学生的文章,这里有他们对学习、生活、人生、生命的感悟,记录了他们成长过程中最真实最感动的心理历程。 | |
| 510 | 1 | @aCollegial Composition@zeng |
| 517 | 1 | @a17位全国著名高校学子的心灵感悟@A17 Wei Quan Guo Zhu Ming Gao Xiao Xue Zi De Xin Ling Gan Wu@917 wei quan guo zhu ming gao xiao xue zi de xin ling gan wu |
| 606 | 0 | @a作文@x高等学校@j选集 |
| 606 | 0 | @a作文 |
| 690 | @aH194.3@v4 | |
| 701 | 0 | @a许应涛@AXu Ying Tao@4主编 |
| 801 | @aCN@b中图数据@c20061219 | |
| 905 | @a10447@dH194.3@e225 | |
| 大学作文:17位全国著名高校学子的心灵感悟/许应涛主编.-延吉:延边大学出版社,2004 |
| 297页:图;21cm |
| ISBN 7-5634-1932-2:CNY18.00 |
| 该书精选了全国著名高校一些在校大学生的文章,这里有他们对学习、生活、人生、生命的感悟,记录了他们成长过程中最真实最感动的心理历程。 |
| ● |
| 相关链接 |
|
|
|
|
正题名:大学作文
索取号:H194.3/225
 
预约/预借
| 序号 | 登录号 | 条形码 | 馆藏地/架位号 | 状态 | 备注 |
| 1 | 0622280 | 206222808 | 第二样本阅览室/ [索取号:H194.3/225] | 在馆 | |
| 2 | 0622281 | 206222817 | 第四借阅区/ [索取号:H194.3/225] | 在馆 | |
| 3 | 0622282 | 206222826 | 第四借阅区/ [索取号:H194.3/225] | 在馆 | |
| 4 | 0622283 | 206222835 | 第四借阅区/ [索取号:H194.3/225] | 在馆 | |
| 5 | 0622284 | 206222844 | 第四借阅区/ [索取号:H194.3/225] | 在馆 | |
| 6 | 0622285 | 206222853 | 第四借阅区/ [索取号:H194.3/225] | 在馆 | |
| 7 | 0622286 | 206222862 | 第四借阅区/ [索取号:H194.3/225] | 在馆 | |
| 8 | 0622287 | 206222871 | 第四借阅区/ [索取号:H194.3/225] | 在馆 |